| 000 | 01368nam a22004337a 4500 | ||
|---|---|---|---|
| 001 | BR7200775 | ||
| 003 | BR-BrBNA | ||
| 005 | 20230928083818.0 | ||
| 007 | ta | ||
| 008 | 230509b bl.||||| |||| 00| 0 por d | ||
| 040 |
_aBR-BrBNA _bpor _cBiblioteca Nacional de Agricultura |
||
| 041 | _a(Spa) | ||
| 072 |
_aQ10; E70; F00 _b0120 _b1410 _b0150 _b/G358 |
||
| 090 | _ 0120 BR7200775 | ||
| 100 | 1 | _aAlvarado, A.A.M. | |
| 100 | 1 | _aVasquez, C.A.C. | |
| 100 | 1 | _aNavarro, C.P. | |
| 100 | 1 | _aRivera, M.C.D. | |
| 100 | 1 | _aLanza, R.R. | |
| 100 | 1 | _aFlores, S.B. | |
| 110 | 1 |
_aCentro de Treinamento em Desenvolvimento Economico, Fortaleza, CE (Brasil) _91678 |
|
| 245 | 1 |
_aProceso y almacenamiento de granos en Comayagua y Juticalpa. Estudio de factibilidad [milho, Zea mays, feijao, Phaseolus vulgaris, arroz, Oryza sativa, Honduras] _b2. Curso Nacional de Elaboracao e Avaliacao de Projetos |
|
| 260 | 3 |
_aFortaleza, CE (Brasil): _c1972. |
|
| 300 | _a172 p. | ||
| 500 | _aSummary (Spa) | ||
| 650 | _aARMAZENAMENTO | ||
| 650 | _aMILHO | ||
| 650 | _aARROZ | ||
| 650 | _aFEIJAO | ||
| 650 | _aPROJETO INDUSTRIAL | ||
| 650 | _aESTATISTICA DE PRODUCAO | ||
| 650 | _aCUSTO DE PRODUCAO | ||
| 650 | _aPRECO | ||
| 650 | _aMECANIZACAO INDUSTRIAL | ||
| 650 | _aFINANCIAMENTO | ||
| 650 | _aHONDURAS | ||
| 909 |
_a202309 _bLucia _c55 _dLucia Elande |
||
| 942 | _cBK | ||
| 999 |
_c15342 _d15342 |
||